Dýchej tak, jak chceš žít Dechové techniky pro zdraví, klidný spánek a hlubší vztahy

Saved in:
Bibliographic Details
Main Author Pistono, Matteo
Format Electronic eBook
LanguageCzech
Published Alferia 2026
Edition1. elektronické vydání
Subjects
Online AccessDostupné v BOOKPORT po přihlášení pomocí eduID
ISBN978-80-247-1996-2
978-80-271-5973-4
Physical Description1 online zdroj (296 stran)

Cover

LEADER 00000nam a2200000 i 4500
001 bkp15081
003 CZ-prgp
005 20260407112622.0
006 m o d
007 cr cn
008 260407s2026 xr o 000 0 cze
020 |a 978-80-247-1996-2  |c 390 Kč  |q (online ; pdf) 
020 |a 978-80-271-5973-4  |c 467 Kč  |q (print) 
040 |a Grada  |b cze  |e rda 
100 1 |a Pistono, Matteo 
245 1 0 |a Dýchej tak, jak chceš žít  |b Dechové techniky pro zdraví, klidný spánek a hlubší vztahy  |c Matteo Pistono 
250 |a 1. elektronické vydání 
264 1 |b Alferia  |c 2026 
300 |a 1 online zdroj (296 stran) 
336 |a text  |b txt  |2 rdacontent 
337 |a počítač  |b c  |2 rdamedia 
338 |a online zdroj  |b cr  |2 rdacarrier 
520 3 |a Dýchej tak, jak chceš žít vysvětluje, jak můžeme pouhou změnou způsobu dýchání změnit celý svůj život. 
650 0 4 |a Harmonie těla a duše 
650 0 4 |a Alternativní léčení 
650 0 4 |a Mindfulness 
650 0 4 |a Sebepoznání 
650 0 4 |a Uvědomělý život 
856 4 0 |u https://www.bookport.cz/AccountSaml/SignIn/?idp=https://shibboleth.utb.cz/idp/shibboleth&returnUrl=/kniha/dychej-tak-jak-chces-zit-15903/  |y Dostupné v BOOKPORT po přihlášení pomocí eduID